| 000 | 00721nam a2200253Ia 4500 | ||
|---|---|---|---|
| 003 | OSt | ||
| 005 | 20220916110944.0 | ||
| 006 | a|||||r|||| 00| 0 | ||
| 007 | ta | ||
| 008 | 220915b |||||||| |||| 00| 0 eng d | ||
| 024 | _a29715 | ||
| 037 | _cTextbook | ||
| 040 |
_beng _aARTS _cARTS |
||
| 041 | _aeng | ||
| 082 | _aO111,2M84,GC, K2 (EO) | ||
| 100 | _aO'Casey Sean | ||
| 245 | 0 | _aFeathers from the Green Crow (1905-1925) ed. by Robert Hogan | |
| 260 |
_aLondon _bMacmillan UK |
||
| 300 |
_axv,342p. _ccm. |
||
| 650 | _aENGLISH LITERATURE | ||
| 700 | _a Hogan Robert Ed. | ||
| 942 |
_hO111,2M84,GC, K2 (EO) _cTB _2CC |
||
| 999 |
_c102185 _d102185 |
||